| 000 | 00697nam a2200229Ia 4500 | ||
|---|---|---|---|
| 003 | OSt | ||
| 005 | 20251230143847.0 | ||
| 008 | 210716s1999 xx 000 0 und d | ||
| 020 | _a9788120315624 | ||
| 040 | _cAIMIT LIBRARY | ||
| 041 | _aeng | ||
| 082 |
_a006.37 _21 _bSHEP |
||
| 100 |
_aSheriff, Paul D. _9249769 |
||
| 245 |
_aPaul sheriff teaches visual basic 6 / _cBy Paul D Sheriff. |
||
| 250 | _a1st ed. | ||
| 260 |
_aNew Delhi : _bPrentice Hall of India Pvt Ltd , _c1999. |
||
| 300 |
_axxiv,806p. ; _bPB _c23.9 cm |
||
| 650 |
_aEvents happen _9249770 |
||
| 650 |
_aArrays types and constants _9249771 |
||
| 650 |
_aCreating class modules _9249772 |
||
| 942 |
_2ddc _cBK _e1st _k006.37 SHEP |
||
| 999 |
_c183460 _d183460 |
||